| 000 | 00543nam a22001817a 4500 | ||
|---|---|---|---|
| 003 | CEME | ||
| 005 | 20210628210020.0 | ||
| 008 | 210201b xxu||||| |||| 00| 0 eng d | ||
| 020 | _a0-471-26355-9 | ||
| 040 | _c. | ||
| 082 | _a621.3 WEN | ||
| 100 |
_aWentworth, Stuart M _977838 |
||
| 245 | _aFundamentals of electromagnetics with engineering applications using matlab | ||
| 260 |
_aNEW YORK _bJOHN WILEY & SONS _c2005 |
||
| 300 | _aXX,588P | ||
| 650 |
_aELECTRIC ENGINEERING , ELECTROMAGNETISM.ELECTROMAGNETICS _977839 |
||
| 942 |
_cBK _2ddc |
||
| 999 |
_c583045 _d583045 |
||